[Event "EU-ch 19th"]
[Site "Batumi"]
[Date "2018.03.21"]
[Round "5"]
[White "Eminov, Orkhan"]
[Black "Eynullayev, Atilla Elshan"]
[Result "0-1"]
[WhiteElo "2295"]
[BlackElo "2147"]
[PlyCount "72"]
[EventDate "2018.03.17"]
[EventType "swiss"]
[EventRounds "11"]
[EventCountry "GEO"]
[SourceTitle "CBM 184"]
[Source "ChessBase"]
[SourceDate "2018.05.16"]
[SourceVersion "1"]
[SourceVersionDate "2018.05.16"]
[SourceQuality "1"]

1. e4 e6 2. d4 d5 3. Nc3 Nf6 4. Bg5 dxe4 5. Nxe4 Be7 6. Bxf6 gxf6 7. Nf3 f5 8. Ng3 c5 9. Qd2 h5 10. 0-0-0 h4 11. Ne2 Nc6 12. Qc3 Nb4 13. Kb1 Nd5 14. Qd3 Qa5 15. Nc1 Bd7 16. Ne5 Nb4 17. Qc3 Ba4 18. Nc4 Qc7 19. dxc5 Bxc2+ 20. Ka1 0-0 21. Rd2 Qxc5 22. Rxc2 Nxc2+ 23. Qxc2 Rac8 24. Nb3 Qb4 25. Qd2 Rxc4 26. Bxc4 Qxc4 27. Rc1 Qe4 28. f3 Qe5 29. f4 Qe4 30. Qf2 b6 31. Re1 Rd8 32. a3 Qc4 33. Nc1 Bxa3 34. g4 Qb4 35. Rg1 Rd2 36. gxf5+ Kf8 0-1

[Event "TUR-ch"]
[Site "Suleymanpasa"]
[Date "2017.11.21"]
[Round "11"]
[White "Koksal, Ege"]
[Black "Eminov, Orkhan"]
[Result "0-1"]
[WhiteElo "2364"]
[BlackElo "2254"]
[PlyCount "66"]
[EventDate "2017.11.11"]
[EventType "tourn"]
[EventRounds "11"]
[EventCountry "TUR"]
[EventCategory "5"]
[SourceTitle "CBM 181 Extra"]
[Source "ChessBase"]
[SourceDate "2017.12.12"]
[SourceVersion "1"]
[SourceVersionDate "2017.12.12"]
[SourceQuality "1"]

1. d4 g6 2. c4 Bg7 3. e4 d6 4. Nc3 Nc6 5. Be3 Nf6 6. f3 a6 7. Qd2 Rb8 8. Bd3 e5 9. d5 Nd4 10. Nge2 Nxe2 11. Bxe2 Nh5 12. 0-0-0 0-0 13. Kb1 Qe7 14. Rc1 Nf4 15. g3 Nxe2 16. Nxe2 f5 17. h3 fxe4 18. fxe4 b6 19. g4 Rf3 20. Rcf1 Qf7 21. Ng3 Bd7 22. Qg2 Rf8 23. Bg5 b5 24. b3 bxc4 25. bxc4 Rf4 26. Bxf4 exf4 27. e5 Bxe5 28. Ne4 f3 29. Qf2 Rb8+ 30. Kc1 Qf4+ 31. Nd2 Ba4 32. Qxf3 Bb2+ 33. Kb1 Qxd2 0-1

[Event "TUR-ch"]
[Site "Suleymanpasa"]
[Date "2017.11.18"]
[Round "8"]
[White "Eminov, Orkhan"]
[Black "Kilic, Efe Mert"]
[Result "0-1"]
[WhiteElo "2254"]
[BlackElo "2258"]
[PlyCount "68"]
[EventDate "2017.11.11"]
[EventType "tourn"]
[EventRounds "11"]
[EventCountry "TUR"]
[EventCategory "5"]
[SourceTitle "CBM 181 Extra"]
[Source "ChessBase"]
[SourceDate "2017.12.12"]
[SourceVersion "1"]
[SourceVersionDate "2017.12.12"]
[SourceQuality "1"]

1. e4 c6 2. Nf3 d5 3. exd5 cxd5 4. Ne5 Nf6 5. d4 Nc6 6. c3 g6 7. Bb5 Bd7 8. Nxd7 Qxd7 9. 0-0 Bg7 10. Bf4 0-0 11. Nd2 a6 12. Ba4 b5 13. Bc2 Nh5 14. Be3 Na5 15. Nb3 Nc4 16. Nc5 Qc6 17. b3 Nxe3 18. fxe3 e5 19. a4 Kh8 20. axb5 axb5 21. Rxa8 Rxa8 22. Rxf7 b4 23. cxb4 exd4 24. exd4 Qb5 25. Rf1 Re8 26. Nd3 Bxd4+ 27. Kh1 Bg7 28. Qg4 Nf6 29. Qh4 Ne4 30. Rd1 Rc8 31. Bb1 g5 32. Qh5 h6 33. Qg6 Rf8 34. h3 Rf6 0-1

[Event "TUR-ch"]
[Site "Suleymanpasa"]
[Date "2017.11.15"]
[Round "5"]
[White "Eminov, Orkhan"]
[Black "Ozenir, Ekin Baris"]
[Result "1-0"]
[WhiteElo "2254"]
[BlackElo "2410"]
[PlyCount "53"]
[EventDate "2017.11.11"]
[EventType "tourn"]
[EventRounds "11"]
[EventCountry "TUR"]
[EventCategory "5"]
[SourceTitle "CBM 181 Extra"]
[Source "ChessBase"]
[SourceDate "2017.12.12"]
[SourceVersion "1"]
[SourceVersionDate "2017.12.12"]
[SourceQuality "1"]

1. e4 Nc6 2. Nc3 Nf6 3. g3 d5 4. exd5 Nxd5 5. Bg2 Nxc3 6. bxc3 e5 7. Nf3 Bd6 8. 0-0 0-0 9. d4 Bg4 10. h3 Bh5 11. g4 Bg6 12. d5 Na5 13. Re1 Re8 14. h4 h6 15. h5 Bh7 16. Nd2 Qh4 17. Ne4 f5 18. gxf5 Bxf5 19. Ng3 Bg4 20. Qd3 e4 21. Rxe4 Rf8 22. Qd4 Bxg3 23. fxg3 Qxh5 24. Rxg4 Rf7 25. Bb2 Re8 26. c4 Ree7 27. d6 1-0